[Event "AUTO-ADV-3876"]
[Site "http://www.queenalice.com/game.php?id=1488650"]
[Date "2017.8.3"]
[Round "1"]
[White "marno"]
[Black "Spessatto"]
[Result "0-1"]
[WhiteElo "2025"]
[BlackElo "2012"]

1. e4 e5 2. Bc4 Bc5 3. Nf3 Nc6 4. c3 h6 5. b4 Bb6 6. a4 a6 7. a5 Ba7 8. d3 d6 9.
Qe2 Nf6 10. Be3 Bg4 11. h3 Bh5 12. g4 Bg6 13. Bxa7 Nxa7 14. O-O O-O 15. Nh4 Bh7
16. Nd2 Nxe4 17. dxe4 Qxh4 18. Kg2 Nc6 19. Nf3 Qf6 20. Rfe1 Ne7 21. Rad1 Ng6 22.
Qe3 Nf4+ 23. Kh2 Kh8 24. Bb3 c6 25. Qb6 Rab8 26. Qe3 d5 27. exd5 Nxd5 28. Bxd5
cxd5 29. Rxd5 e4 30. Nd4 Rbc8 31. Rd7 Qe5+ 32. f4 Qf6 33. Rxb7 Qh4 34. Ra7 Ra8
35. Rc7 Rac8 36. Ra7 Ra8 37. Nc6 Rfc8 38. Qxe4 Bxe4 0-1

[Event "AUTO-ADV-3876"]
[Site "http://www.queenalice.com/game.php?id=1488651"]
[Date "2017.8.3"]
[Round "1"]
[White "Spessatto"]
[Black "marno"]
[Result "0-1"]
[WhiteElo "2052"]
[BlackElo "1985"]

1. d4 e6 2. h3 d5 3. Nf3 Nf6 4. Bf4 c5 5. e3 Nc6 6. Bb5 Bd7 7. c3 a6 8. Ba4 b5
9. Bc2 Be7 10. O-O O-O 11. Nbd2 cxd4 12. cxd4 Nh5 13. Bh2 f5 14. Ne5 Nxe5 15.
dxe5 g6 16. Nf3 Rc8 17. Nd4 f4 18. exf4 Nxf4 19. Bxf4 Rxf4 20. Nf3 Bf8 21. g3
Rxc2 22. Qxc2 Rxf3 23. Qe2 Rf7 24. Rac1 Qb6 25. Rc2 b4 26. Rfc1 Bh6 27. Rd1 a5
28. Kg2 d4 29. f4 Bc6+ 30. Kh2 Rd7 31. Qc4 Be4 32. Qc8+ Rd8 33. Rc6 Bxc6 34.
Qxe6+ Kh8 35. Qf6+ Bg7 36. Qe7 d3 37. g4 Qf2# 0-1

[Event "AUTO-ADV-3876"]
[Site "http://www.queenalice.com/game.php?id=1488652"]
[Date "2017.8.3"]
[Round "1"]
[White "marno"]
[Black "dadaspazzi"]
[Result "1-0"]
[WhiteElo "1985"]
[BlackElo "1991"]

1. e4 c5 2. Nc3 a6 3. Nf3 b5 4. d4 e6 5. d5 Qc7 6. Bg5 b4 7. Na4 d6 8. c3 exd5
9. exd5 h6 10. Bd2 bxc3 11. Nxc3 Nf6 12. Bc4 Bg4 13. h3 Bh5 14. Qa4+ Nbd7 15.
Bb5 Be7 16. Bc6 Ra7 17. O-O O-O 18. Rae1 Nb6 19. Qf4 Bd8 20. Nh4 g5 21. Qg3 Bg6
22. Nxg6 fxg6 23. f4 g4 24. hxg4 Qf7 25. f5 Kg7 26. Ne4 Nxe4 27. Rxe4 Nxd5 28.
Qxd6 Nf6 29. fxg6 Qxg6 30. Re6 1-0

[Event "AUTO-ADV-3876"]
[Site "http://www.queenalice.com/game.php?id=1488653"]
[Date "2017.8.3"]
[Round "1"]
[White "dadaspazzi"]
[Black "marno"]
[Result "1-0"]
[WhiteElo "1974"]
[BlackElo "2002"]

1. d4 d5 2. c4 e6 3. Nf3 Nf6 4. Nc3 Bb4 5. Bd2 Nc6 6. e3 O-O 7. cxd5 Nxd5 8. Bd3
a6 9. O-O b5 10. Nxd5 Bxd2 11. Qxd2 exd5 12. h3 Qf6 13. a3 Bxh3 14. Rfc1 Bd7 15.
Rc5 Rac8 16. Qc2 h6 17. Rc1 Ne7 18. Qe2 c6 19. Ne5 Rfd8 20. Qh5 Be8 21. f4 Rd6
22. Ng4 Qe6 23. f5 f6 24. Qxe8+ Rxe8 25. fxe6 Rxe6 26. Kf2 h5 27. Nh2 g5 28. Nf3
Kg7 29. g3 Rh8 30. Rh1 g4 31. Nh4 Re8 32. Ng2 Rh8 33. Nf4 1-0

[Event "AUTO-OPEN-3819"]
[Site "http://www.queenalice.com/game.php?id=1494216"]
[Date "2017.9.12"]
[Round "2"]
[White "marno"]
[Black "forever"]
[Result "1-0"]
[WhiteElo "2004"]
[BlackElo "1794"]

1. d4 c5 2. d5 Qb6 3. c4 e6 4. Nc3 Ne7 5. e4 Ng6 6. Nf3 Be7 7. Be2 O-O 8. O-O f5
9. e5 d6 10. exd6 Bxd6 11. Nb5 Be5 12. d6 a6 13. Nxe5 Nxe5 14. Nc7 Ra7 15. b3
Nbc6 16. f4 Nf7 17. Bb2 Nd4 18. Bxd4 cxd4 19. c5 Qxc5 20. Rc1 Qxd6 21. Qc2 b5
22. Bxb5 Rxc7 23. Qxc7 1-0

[Event "AUTO-OPEN-3819"]
[Site "http://www.queenalice.com/game.php?id=1494217"]
[Date "2017.9.12"]
[Round "2"]
[White "forever"]
[Black "marno"]
[Result "0-1"]
[WhiteElo "1802"]
[BlackElo "1996"]

1. d4 Nf6 2. c4 e6 3. Nf3 d5 4. Bf4 Bb4+ 5. Nbd2 dxc4 6. e3 b5 7. Be2 Nd5 8. Be5
f6 9. Bg3 Nc6 10. O-O O-O 11. Qc2 Bb7 12. Rfd1 Rc8 13. e4 Nde7 14. Nf1 Qe8 15.
a3 Bd6 16. b3 Na5 17. bxc4 bxc4 18. e5 fxe5 19. Ng5 Ng6 20. Bxc4 Qc6 21. Bxe6+
Kh8 22. Nf7+ Rxf7 23. d5 Qxc2 0-1

[Event "AUTO-OPEN-3819"]
[Site "http://www.queenalice.com/game.php?id=1494219"]
[Date "2017.9.12"]
[Round "2"]
[White "clovis"]
[Black "marno"]
[Result "1-0"]
[WhiteElo "2109"]
[BlackElo "2008"]

1. e4 e6 2. Nf3 d5 3. exd5 exd5 4. d4 Nf6 5. Bd3 c5 6. c3 Be7 7. O-O O-O 8. Ne5
Nc6 9. Bg5 Nxe5 10. dxe5 Ng4 11. Bxe7 Qxe7 12. h3 Nh6 13. Qh5 Qe8 14. f4 f6 15.
Qxe8 Rxe8 16. exf6 gxf6 17. Nd2 Nf5 18. Rae1 Bd7 19. Nb3 Ng3 20. Rxe8+ Rxe8 21.
Rf3 Re1+ 22. Kf2 Re7 23. Rxg3+ Kf8 24. Nxc5 Bc6 25. Re3 h6 26. Rxe7 Kxe7 27. g3
Kd6 28. b4 a6 29. Bxa6 1-0

[Event "AUTO-OPEN-3819"]
[Site "http://www.queenalice.com/game.php?id=1494220"]
[Date "2017.9.12"]
[Round "2"]
[White "marno"]
[Black "BigRezi"]
[Result "0-1"]
[WhiteElo "2012"]
[BlackElo "2154"]

1. d4 Nf6 2. c4 g6 3. Nc3 d5 4. cxd5 Nxd5 5. e4 Nxc3 6. bxc3 Bg7 7. Nf3 O-O 8.
Bd3 c5 9. Bc4 cxd4 10. cxd4 Nc6 11. Be3 Bg4 12. h3 Bxf3 13. Qxf3 Nxd4 14. Qd1
Nc2+ 15. Qxc2 Bxa1 16. O-O Bg7 17. Kh1 Rc8 18. Qb3 b6 19. Rd1 Qc7 20. Rc1 Qb7
21. f3 e6 22. Qa3 b5 23. Qb3 Qb8 24. Bxb5 Rxc1+ 25. Bxc1 Rc8 26. Be3 Rc3 0-1

[Event "AUTO-OPEN-3819"]
[Site "http://www.queenalice.com/game.php?id=1494221"]
[Date "2017.9.12"]
[Round "2"]
[White "BigRezi"]
[Black "marno"]
[Result "0-1"]
[WhiteElo "2129"]
[BlackElo "2004"]

1. e4 e6 2. d4 d5 3. exd5 exd5 4. Nf3 Bd6 5. Be2 Ne7 6. c4 c6 7. O-O Nd7 8. Nc3
Nf6 9. Bg5 Ng6 10. cxd5 cxd5 11. Qa4+ Bd7 12. Ne5 Bxa4 0-1

[Event "AUTO-OPEN-3865"]
[Site "http://www.queenalice.com/game.php?id=1501232"]
[Date "2017.10.31"]
[Round "1"]
[White "marno"]
[Black "BigRezi"]
[Result "0-1"]
[WhiteElo "2026"]
[BlackElo "2190"]

1. e4 e5 2. Bc4 Nf6 3. d3 Nc6 4. Nf3 d6 5. c3 Be7 6. Nbd2 O-O 7. Bb3 Na5 8. Bc2
c5 9. Nf1 Nc6 10. Ng3 d5 11. Qe2 Be6 12. O-O Qc7 13. Ng5 Bg4 14. f3 Bd7 15. f4
h6 16. Nxf7 Rxf7 17. fxe5 Nxe5 18. Be3 Bg4 19. Qd2 dxe4 20. Bf4 Bd6 21. Bb3 Nf3+
22. gxf3 Bxf4 23. Bxf7+ Kxf7 0-1

[Event "AUTO-OPEN-3865"]
[Site "http://www.queenalice.com/game.php?id=1501233"]
[Date "2017.10.31"]
[Round "1"]
[White "BigRezi"]
[Black "marno"]
[Result "1-0"]
[WhiteElo "2207"]
[BlackElo "2017"]

1. e4 e6 2. d4 d5 3. exd5 exd5 4. Nf3 Bd6 5. c4 Nf6 6. c5 Be7 7. Bd3 O-O 8. Nc3
b6 9. b4 Bb7 10. Qb3 Re8 11. O-O bxc5 12. bxc5 Bc6 13. Ne5 Nfd7 14. Nxc6 Nxc6
15. Qa4 Ndb8 16. Bf4 Qd7 17. Rae1 a6 18. Bc2 Ra7 19. Bb3 Bd8 20. Rxe8+ Qxe8 21.
Nxd5 h6 22. Bd2 Kf8 23. Qc4 Nd7 24. Bf4 Na5 25. Qc3 c6 26. Re1 1-0

[Event "AUTO-OPEN-3865"]
[Site "http://www.queenalice.com/game.php?id=1501234"]
[Date "2017.10.31"]
[Round "1"]
[White "marno"]
[Black "raven225"]
[Result "1-0"]
[WhiteElo "1956"]
[BlackElo "1357"]

1. e4 e5 2. Bc4 Nc6 3. Nf3 Nf6 4. d3 Bb4+ 5. c3 Be7 6. O-O O-O 7. Re1 d6 8. Bb3
Be6 9. Bc2 Re8 10. Qe2 Bg4 11. Nbd2 Qc8 12. Nf1 Qd7 13. Ne3 Bh5 14. Bd1 h6 15.
Nf5 Kh7 16. Qd2 Bf8 17. h3 Ne7 18. Ng3 Bxf3 19. Bxf3 Ng6 20. Nf5 Nf4 21. Ne3
Nxh3+ 22. Kf1 1-0

[Event "AUTO-OPEN-3865"]
[Site "http://www.queenalice.com/game.php?id=1501235"]
[Date "2017.10.31"]
[Round "1"]
[White "raven225"]
[Black "marno"]
[Result "0-1"]
[WhiteElo "1727"]
[BlackElo "2022"]

1. e4 e6 2. d4 d5 3. e5 c5 4. c3 Nc6 5. Nf3 Bd7 6. Bb5 Nxe5 7. Nxe5 Bxb5 8. Qh5
Qc7 9. Bf4 cxd4 10. Ng6 hxg6 11. Qxh8 Qxf4 12. cxd4 Qc1# 0-1

[Event "AUTO-OPEN-3865"]
[Site "http://www.queenalice.com/game.php?id=1501236"]
[Date "2017.10.31"]
[Round "1"]
[White "marno"]
[Black "niclep"]
[Result "1-0"]
[WhiteElo "2001"]
[BlackElo "2125"]

1. e4 e5 2. Bc4 h6 3. Nf3 Nc6 4. c3 Nf6 5. d3 Bc5 6. b4 Bd6 7. O-O a6 8. a4 O-O
9. Nh4 Nxe4 10. Ng6 Nxc3 11. Nxc3 Re8 12. Qh5 Bxb4 13. Bxf7+ Kxf7 14. Ne4 Kg8
15. Bxh6 gxh6 16. Qxh6 Bf8 17. Qh8+ Kf7 18. Qh7+ Bg7 19. f4 Rg8 20. fxe5+ Ke8
21. Qxg8+ Bf8 22. Qxf8# 1-0

[Event "AUTO-OPEN-3865"]
[Site "http://www.queenalice.com/game.php?id=1501237"]
[Date "2017.10.31"]
[Round "1"]
[White "niclep"]
[Black "marno"]
[Result "1-0"]
[WhiteElo "2124"]
[BlackElo "2009"]

1. e4 e6 2. d4 d5 3. e5 c5 4. c3 Nc6 5. Nf3 Bd7 6. a3 f6 7. Bd3 Qc7 8. Bf4 c4 9.
Bc2 O-O-O 10. Bg3 Qb6 11. Ra2 Nge7 12. O-O Ng6 13. Bxg6 hxg6 14. Qc2 Ne7 15. Nh4
Rh6 16. f4 f5 17. Nd2 Be8 18. Nhf3 Rd7 19. Ng5 Kb8 20. b3 cxb3 21. Nxb3 Nc8 22.
Rb1 Qa6 23. a4 Rc7 24. a5 Bb5 25. Qb2 Bd3 26. Rd1 Bc4 27. Raa1 Rc6 28. Nd2 Bd3
29. Nf7 Rh5 30. Nf3 Be7 31. N7g5 Qb5 32. Qd2 Be4 33. Nh4 Qb3 34. Nxg6 Bd8 35.
Qe2 Rxg5 36. fxg5 Bxg5 37. Be1 Bc2 38. Rd3 Bxd3 39. Qxd3 a6 40. Rb1 Qa4 41. Qg3
Bh6 42. Nf8 Qxa5 43. Nd7+ Ka8 44. Qg6 Qa2 45. Rb4 Qe2 46. Rb1 1-0

[Event "AUTO-ADV-4874"]
[Site "http://www.queenalice.com/game.php?id=1859563"]
[Date "2025.7.8"]
[Round "1"]
[White "Kn1ght1962"]
[Black "marno"]
[Result "1-0"]
[WhiteElo "1497"]
[BlackElo "1958"]

1. e4 e6 2. a3 a5 3. d3 b5 4. Nc3 b4 5. axb4 Bxb4 6. Bd2 Bb7 7. Nf3 c5 8. Be2
Nf6 9. Nb5 O-O 10. Nd6 Bc6 11. c3 Qc7 12. e5 Bxc3 13. Bxc3 Nd5 14. Bd2 Na6 15.
O-O f6 16. d4 cxd4 17. Nxd4 fxe5 18. Nxc6 dxc6 19. Ne4 Nf4 20. Bg4 Rad8 21. g3
Nd3 22. Qb3 Nac5 23. Nxc5 Nxc5 24. Qc2 Qe7 25. Bc3 Qg5 26. Bf3 Rxf3 27. Bxa5 Rd5
28. Bb4 Nd3 29. Qxc6 Nxb4 30. Qxe6+ Kf8 31. Rfc1 Rd8 32. Rc8 Rxc8 33. Qxc8+ Kf7
34. Qc4+ Kg6 35. Qxb4 Rf4 36. Qd6+ Rf6 37. Qd3+ 1-0

[Event "AUTO-ADV-4874"]
[Site "http://www.queenalice.com/game.php?id=1859564"]
[Date "2025.7.8"]
[Round "1"]
[White "marno"]
[Black "Kn1ght1962"]
[Result "0-1"]
[WhiteElo "1928"]
[BlackElo "1527"]

1. e4 e5 2. Bc4 Qf6 3. Nf3 d6 4. c3 a6 5. d3 Nc6 6. Bb3 h6 7. Nbd2 Be7 8. Nf1
Qg6 9. Ng3 Nf6 10. h3 Bd7 11. Nh4 Qh7 12. Nhf5 g5 13. Ne3 h5 14. Qc2 h4 15. Ngf1
O-O-O 16. Nd2 Kb8 17. Nf5 Bxf5 18. exf5 Qxf5 19. Bxf7 Rhf8 20. Bb3 g4 21. Ne4
Nxe4 22. dxe4 Qf6 23. Be3 g3 24. f3 Na5 25. Ba4 Nc4 26. Qe2 Nb6 27. Bb3 d5 28.
Rf1 d4 29. Bd2 d3 30. Qd1 Bc5 31. Qc1 Nd7 32. a4 Qb6 33. Bc4 Bf2+ 34. Kd1 Nc5
35. Be3 Bxe3 36. Qxe3 Qxb2 0-1